Marketing research: an applied approach
Guardat en:
| Autors principals: | , |
|---|---|
| Format: | Llibre |
| Idioma: | anglès |
| Publicat: |
Nueva York
McGraw-Hill
1979
|
| Col·lecció: | McGraw-Hill Series in Marketing
|
| Matèries: | |
| Etiquetes: |
Afegir etiqueta
Sense etiquetes, Sigues el primer a etiquetar aquest registre!
|
MARC
| LEADER | 00000nam a2200000 a 4500 | ||
|---|---|---|---|
| 001 | UCR9473 | ||
| 003 | CL-VaPUC | ||
| 008 | 980613e19790000US |||||||||||||||||eng|d | ||
| 082 | 0 | 4 | |a 658.8 |b KIN |2 21 |
| 100 | |a Kinnear, Thomas C |e author |9 412058 | ||
| 700 | 0 | |a Taylor, James R |e author |9 412059 | |
| 245 | 1 | 0 | |a Marketing research: an applied approach |
| 300 | |a 656 p | ||
| 942 | |c BK | ||
| 945 | |d 19980613 00:00:00 |a crobeson | ||
| 260 | |a Nueva York |b McGraw-Hill |c 1979 | ||
| 650 | 0 | |a Análisis de mercado |9 260838 | |
| 650 | 0 | |a Comercialización |9 259326 | |
| 650 | 7 | |a MUESTRO |2 CL-VaPUC |9 408099 | |
| 650 | 0 | |a Estadística |9 259535 | |
| 583 | |a last modification |c 19980613 00:00:00 |k Rodrigo Vera | ||
| 490 | 0 | |a McGraw-Hill Series in Marketing | |
| 999 | |c 270667 |d 270665 | ||
| 952 | |0 0 |1 0 |4 0 |6 658_800000000000000_KIN_1979 |7 0 |8 A |9 305038 |a BIBGIM |b BIBGIM |d 2019-11-20 |i 1413767 |o 658.8 KIN 1979 |p 1413767 |r 2025-01-15 |w 2019-11-20 |y BK |k COM | ||